<?xml version="1.0" encoding="UTF-8"?>
<collection xmlns="http://www.loc.gov/MARC21/slim">
 <record>
  <leader>     na                 </leader>
  <controlfield tag="001">INLIS000000000000669</controlfield>
  <controlfield tag="005">20220113085325</controlfield>
  <controlfield tag="035">$a 0010-0122000003</controlfield>
  <controlfield tag="245">$a Komik Next G: Perginya sahabatku /$c Inge syahla keary</controlfield>
  <controlfield tag="100">$a Inge syahla keary</controlfield>
  <controlfield tag="250">$a 2</controlfield>
  <controlfield tag="300">$a 96 hlm : $b ilus ; $c 41.5 x 21 cm</controlfield>
  <controlfield tag="260">$a Bandung :$b Muffin graphics,$c 2021</controlfield>
  <controlfield tag="082">$a 813</controlfield>
  <controlfield tag="084">$a 813 ING k</controlfield>
  <controlfield tag="020">$a 978-602-367-906-5</controlfield>
  <controlfield tag="990">$a 0302/2021</controlfield>
  <controlfield tag="990">$a 0303/2021</controlfield>
 </record>
</collection>
